000 01124cam a2200265 4500
001 ABS67753
008 040507n2004 000 0 eng u
035 _a(Sirsi) u126134
100 _aJones, P.
245 _aAlive, alive O! Street trading in town centres
260 _c2004
490 _aTown and Country Planning
_v73(4) April 2004, 134-136(3)
520 _aAssesses the contribution of street trading activities to the vitality of town centres in the light of the draft PPS6: "Planning for town centres". Defines the term street trading and examines a number of locations where street trading activities carry on under local authority control, ranging from Lewisham in southeast London to Cheltenham Farmers' Market and the range of activities undertaken. Discusses the pros and cons of street trading and examines its statutory regulation.
590 _aABS
590 _aABS
650 _aPPS6
650 _aSTREET TRADING
650 _aTOWN CENTRES
650 _aMARKETS
650 _aFARMERS MARKETS
650 _aTOWN CENTRES
650 _aMARKET TOWNS
690 _aPLANNING
942 _n0
999 _c117318
_d117318